1077 1010 1419 1444 1560 1567 1670 1217 1782 1164 1760 1760 1012 1344 1221 1908 1483 1141 1977 1793 1559 1839 1051 1063 1041 1029 1518 1509 1533 1208 1426 1052 1033 1813 1780 1547 1966 1568 1442 1850 1860 1284 1669 1910 1646 1956 1234 1983 1202 1277 1401 1321 1210 1384 1521 1136 1113 1759 1214 1985 1787 1933 1950 1287 1711 1133 1389 1478 1344 1251 1095 1245 1808 1992 1673 1882 1918 1479 1731 1018 1331 1553 1607 1319 1893 1816 1958 1197 1064 1788 1166 1196 1484 1951 1442 1655 1120 1493 1239 BCNSPRNW ULIB Ver.6.0+V

เปลี่ยนเป็นภาษาไทย

Change to English
 แสดงรายละเอียดบรรณานุกรม
  กลับหน้าหลัก

Brief Record : Get Marc (ISO 2709) : E-mail record : QR code < ปิดหน้าต่าง
LEADER : 00000nam a2200000Ia 4500
001    13399128326
003     ULIB
008    220422s2564 th a b 000 0 tha d
020    ^a9786168201183 (ล.1)
020    ^a9786168201190 (ล.2)
040    ^absi
060 04 ^aWV140^bร924 ล.1-2
245 00 ^aโรค หู คอ จมูก :^bสำหรับนักศึกษาแพทย์และแพทย์เวชปฏิบัติทั่วไป /^cบรรณาธิการ, ภาวิน เกษกุล, จีระสุข จงกลวัฒนา, โชคชัย เมธีไตรรัตน์
250    ^aพิมพ์ครั้งที่ 2
260    ^aกรุงเทพฯ :^bสำนักพิมพ์ศิริราช คณะแพทยศาสตร์ศิริราชพยาบาลมหาวิทยาลัยมหิดล,^c2564
300    ^a2 เล่ม :^bภาพประกอบ ;^c27 ซม.
500    ^aCL มีพิมพ์ครั้งที่ 1 ปีพิมพ์เดียวกัน
650  4 ^aหู คอ จมูก, โรค^xการรักษา
650  4 ^aหู, โรค^xการรักษา
650  4 ^aคอ, โรค^xการรักษา
650  4 ^aจมูก, โรค^xการรักษา
653    ^aผลงานอาจารย์คณะแพทยศาสตร์ศิริราชพยาบาล
690    ^aMahidol IR
700 0  ^aภาวิน เกษกุล,^eบรรณาธิการ
700 0  ^aจีระสุข จงกลวัฒนา,^eบรรณาธิการ
700 0  ^aโชคชัย เมธีไตรรัตน์,^eบรรณาธิการ
710 2  ^aมหาวิทยาลัยมหิดล.^bคณะแพทยศาสตร์ศิริราชพยาบาล.^bภาควิชาโสต นาสิกลาริงซ์วิทยา
945    ^p1500^l0^i29548
945    ^p1500^l0^i29549
995    ^aกัณชพร จุลอักษร
999    ^aกัณชพร
รายการนี้ยังไม่มีแท็ก
คุณยังไม่ได้ล็อกอิน คุณสามารถมีกิจกรรมร่วมกับเว็บไซต์ได้ แต่ต้องล็อกอินก่อน ::
  ล็อกอิน

รายการสื่อสารสนเทศ

ลำดับที่ ประเภท เลขเรียก/บาร์โค้ด สถานที่ สถานะ
1. หนังสือสำรอง
หนังสือสำรอง
WV140 ร924 ล.1-2 ฉ.1 
  Barcode: 29548
ห้องสมุดวิทยาเขตนครสวรรค์
►หนังสือทั่วไป:l:General Books
ถูกยืม กำหนดส่งวันที่ 7 มิถุนายน 2569
  จอง
2. วิทยาศาสตร์การแพทย์ และสุขภาพ
วิทยาศาสตร์การแพทย์ และสุขภาพ
WV140 ร924 ล.1-2 ฉ.2 
  Barcode: 29549
ห้องสมุดวิทยาเขตนครสวรรค์
►หนังสือทั่วไป:l:General Books
บนชั้น

BibComment


ยังไม่เคยถูกคอมเมนท์

คอมเมนท์ทรัพยากรรายการนี้
  คอมเมนท์: โรค หู คอ จมูก ..


 Copyright 2026. Bcnsprnw @Library